| 000 | 00706nam a22001337a 4500 | ||
|---|---|---|---|
| 040 | _crua | ||
| 082 | _aAGR MAT 2024 B1-406 Or. | ||
| 100 | _aMAT ROSET,ម៉ាត់ រ៉ូសេត | ||
| 245 | _aCOMPARE THE USE OF DIFFERENT SUSTRAT IN THE CULTIVATION OF MICROGREEN FOR BEETROOT,ការប្រៀបធៀបការប្រើប្រាស់ប្រភេទស៊ុបស្រ្តាតផ្សេងៗគ្នាសម្រាប់ការដាំបន្លែពន្លកឆៃថាវ | ||
| 260 |
_aphnom penh _brua _c2024 |
||
| 300 |
_ax.27p. _bill. _c29cm. |
||
| 856 | _uhttps://drive.google.com/file/d/1qrm_jMz3OxWGtBltXdAbDqe8DryHDBh_/view?usp=sharing | ||
| 942 | _cAGR | ||
| 999 |
_c24699 _d24699 |
||